000 00580nam a2200229Ia 4500
003 OSt
005 20220923230335.0
006 a|||||r|||| 00| 0
007 ta
008 Pun
024 _a279,610
037 _cTextual
040 _aARTS
_cARTS
_bPun
041 _2Pun
_aPun
082 _aO153,1NMEx, N2
100 _aਸਿੰਘ, ਮਹਿਮਾ
245 0 _aਰਾਗ ਮਲਹਾਰ
260 _c1992
650 _aਪੰਜਾਬੀ ਸਾਹਿਤ
942 _hO153,1NMEx, N2
_cTEXL
_2CC
999 _c384083
_d384083